La cabeza del dragón (Registro nro. 474)

Detalles MARC
000 -CABECERA
Longitud fija campo de control 00855nam a2200277Ia 4500
005 - • FECHA Y HORA DE LA ÚLTIMA TRANSACCIÓN
Fecha y hora de la última transacción 20220316235259.0
008 - • CÓDIGOS DE INFORMACIÓN DE LONGITUD FIJA
Códigos de información de longitud fija 121119s2000 sp a gr 000 0 spa
020 ## - • NÚMERO INTERNACIONAL NORMALIZADO PARA LIBROS
Número Internacional Normalizado para Libros (ISBN) 8423988813
041 0# - • CÓDIGO DE LENGUA
Código de lengua del texto/banda sonora o título independiente spa
040 ## - FUENTE DE LA CATALOGACIÓN
Centro catalogador de origen CO-BoRNBP
Lengua de catalogación spa
Normas de descripción rda
Centro transcriptor CO-BoRNBP
084 ## - • Clasificación Local Alfanúmerica PNLB
Número de clasificación T VAL7
100 1# - • PUNTO DE ACCESO PRINCIPAL-NOMBRE DE PERSONA
Nombre de persona Valle Inclán, Ramón del,
Fechas asociadas al nombre 1870-1936
245 13 - • TITULO PROPIAMENTE DICHO
Título La cabeza del dragón
Mención de responsabilidad, etc. Ramón del Valle Inclán
250 ## - • MENCIÓN DE EDICIÓN
Mención de edición Primera edición
264 #1 - PRODUCCIÓN, PUBLICACIÓN , DISTRIBUCIÓN, FABRICACIÓN Y COPYRIGHT
Lugar de producción, publicación, distribución, fabricación Madrid
Nombre del productor, editor, distribuidor, fabricante Espasa Calpe
Fecha de de producción, publicación, distribución, fabricación o copyright 2000
300 ## - • DESCRIPCIÓN FÍSICA
Extensión 101 páginas
Otras características físicas ilustraciones
Dimensiones 20 cm.
336 ## - TIPO DE CONTENIDO
Término de tipo de contenido texto
Código de tipo de contenido txt
Fuente rdacontent
337 ## - TIPO DE MEDIO
Nombre del tipo de medio sin mediación
Código del tipo de medio n
Fuente rdamedia
338 ## - TIPO DE SOPORTE
Nombre del tipo de soporte volumen
Código del tipo de soporte nc
Fuente rdacarrier
490 0# - • MENCIÓN DE SERIE
Mención de serie Espasa juvenil. Teatro
650 14 - • PUNTO DE ACCESO ADICIONAL DE MATERIA - TÉRMINO DE MATERIA
Fuente del encabezamiento o término LEMB
Término de materia o nombre geográfico como elemento inicial Literatura española
650 14 - • PUNTO DE ACCESO ADICIONAL DE MATERIA - TÉRMINO DE MATERIA
Fuente del encabezamiento o término LEMB
Término de materia o nombre geográfico como elemento inicial Teatro español
650 14 - • PUNTO DE ACCESO ADICIONAL DE MATERIA - TÉRMINO DE MATERIA
Fuente del encabezamiento o término LEMB
Término de materia o nombre geográfico como elemento inicial Teatro infantil y juvenil
650 14 - • PUNTO DE ACCESO ADICIONAL DE MATERIA - TÉRMINO DE MATERIA
Fuente del encabezamiento o término LEMB
Término de materia o nombre geográfico como elemento inicial Dragones
Subdivisión de materia general Teatro
942 ## - ENTRADA DE ELEMENTOS AGREGADOS (KOHA)
Fuente de clasificaión o esquema
Koha [por defecto] tipo de item Libro Literatura
Existencias
Perdido Fuente de clasificación o esquema Estado Físico No para préstamo Localización permanente Localización actual Localización en estanterías Fecha adquisición Préstamos totales Signatura completa Código de barras Fecha última consulta Número de copia Fecha del precio de reemplazo Tipo de item de Koha Forma de adquisición
  Dewey Decimal Classification     Biblioteca Pública Cubarral Biblioteca Pública Cubarral Sala Infantil 07/19/2023   T VAL7 CUB00351 07/19/2023 Ej.1 07/19/2023 Libro Literatura Infantil
  Dewey Decimal Classification     Biblioteca Pública San Carlos de Guaroa - Eduardo Carranza Biblioteca Pública San Carlos de Guaroa - Eduardo Carranza Sala Infantil 06/29/2023   T VAL7 SG00775 06/29/2023 Ej.1 06/29/2023 Libro Literatura Infantil
  Dewey Decimal Classification     Biblioteca Pública El Castillo - Alfonso Meneses Biblioteca Pública El Castillo - Alfonso Meneses Sala Infantil 09/20/2023   T VAL1 EC01571 09/20/2023 Ej.1 09/20/2023 Libro Literatura Infantil
  Dewey Decimal Classification     Biblioteca Pública Acacias - Carlos María Hernández Rojas Biblioteca Pública Acacias - Carlos María Hernández Rojas Sala Infantil 05/24/2023   T VAL1 ACA19414 05/24/2023 Ej.1 05/24/2023 Libro Literatura Infantil
  Dewey Decimal Classification     Biblioteca Pública Guamal Biblioteca Pública Guamal   02/14/2023   T VAL7 GUA001251 02/14/2023 Ej.1 02/14/2023 Libro Infantil  
  Dewey Decimal Classification     Biblioteca Pública La Macarena Biblioteca Pública La Macarena Sala Infantil 07/02/2025   T VAL7 LM02306 07/02/2025 Ej.1 07/02/2025 Libro Literatura Infantil
  Dewey Decimal Classification     Biblioteca Pública Mapiripan Biblioteca Pública Mapiripan Literatura 01/17/2024   T VAL7 MAP00002643 01/17/2024 Ej.1 01/17/2024 Libro Literatura Colección General
  Dewey Decimal Classification     Biblioteca Pública Mesetas - Franco lodo Poloxi Biblioteca Pública Mesetas - Franco lodo Poloxi Sala Infantil 07/30/2025   T VAL7 ME02174 07/30/2025 Ej.1 07/30/2025 Libro Literatura Infantil
  Dewey Decimal Classification     Biblioteca Pública Puerto Rico Biblioteca Pública Puerto Rico Literatura 12/05/2022   TVAL7Ej.1 PR000000L47 12/05/2022 Ej.1 12/05/2022 Libro Literatura  
  Dewey Decimal Classification     Biblioteca Pública Uribe - Reinerio Arenas Biblioteca Pública Uribe - Reinerio Arenas Literatura 01/17/2025   T VAL7 URI02245 01/17/2025 Ej.1 01/17/2025 Libro Literatura Colección General









Instituto Departamental de Cultura del Meta - Red Departamental de Bibliotecas Públicas del Meta.